Highway Engineering (Record no. 5235)

MARC details
000 -LEADER
fixed length control field 00385nam a22001577a 4500
005 - DATE AND TIME OF LATEST TRANSACTION
control field 20160914171953.0
008 - FIXED-LENGTH DATA ELEMENTS--GENERAL INFORMATION
fixed length control field 160914b xxu||||| |||| 00| 0 eng d
020 ## - INTERNATIONAL STANDARD BOOK NUMBER
ISBN 978-81-82240-63-3
041 ## - LANGUAGE CODE
Language code of text/sound track or separate title eng
100 ## - MAIN ENTRY--AUTHOR NAME
Personal name Khanna,S.K and Justo,C.E.G
245 ## - TITLE STATEMENT
Title Highway Engineering
260 ## - PUBLICATION, DISTRIBUTION, ETC. (IMPRINT)
Name of publisher Newchand & Bros
Year of publication 2011
300 ## - PHYSICAL DESCRIPTION
Number of Pages 583
650 ## - SUBJECT ADDED ENTRY--TOPICAL TERM
Topical Term Engineering
942 ## - ADDED ENTRY ELEMENTS (KOHA)
Koha item type Books
Holdings
Lost status Damaged status Collection code Home library Current library Shelving location Date acquired Source of acquisition Cost, normal purchase price Accession Number Koha item type
    Reference JRU Library   SHELF -72- H 14/09/2016 PURCHASE 250.00 21193 Books
      JRU Library   SHELF-44-D 14/09/2016 PURCHASE 250.00 21194 Books
      JRU Library   SHELF-44-D 14/09/2016 PURCHASE 250.00 21195 Books
      JRU Library   SHELF-44-D 14/09/2016 PURCHASE 250.00 21196 Books